Statistics for Battles of WWII on a Map

Click here to take the quiz!

General Stats

  • This quiz has been taken 125 times
  • The average score is 24 of 50

Answers on the Map

Answers color-coded by a green-red scale on the quiz's map according to % correct below.
 

Answer Stats

Year/sLocationBattle/Campaign% Correct
1942-1943Soviet UnionSiege of Stalingrad
90%
1941PacificAttack on Pearl Harbor
88%
1942PacificBattle of Midway
84%
1945Nazi GermanyBattle of Berlin
83%
1944Western EuropeBattle of Monte Cassino
78%
1941-1942Soviet UnionBattle of Moscow
77%
1941-1944Soviet UnionSiege of Leningrad
76%
1940Western EuropeBattle of Dunkirk
74%
1940-1942Mediterranean SeaSiege of Malta
74%
1939Eastern EuropeSiege of Warsaw
74%
1941Soviet UnionBattle of Kyiv
72%
1943Mediterranean SeaAllied invasion of Sicily
69%
1945PacificBattle of Okinawa
69%
1942Mainland AsiaFall of Singapore
68%
1941Mediterranean SeaBattle of Crete
67%
1937-1938Mainland AsiaBattle of Nanking
64%
1945Eastern EuropeVienna Offensive
64%
1945PacificBattle of Iwo Jima
63%
1944-1945Eastern EuropeSiege of Budapest
63%
1941Soviet UnionSiege of Odessa
63%
1937Mainland AsiaBattle of Shanghai
61%
1941Mainland AsiaBattle of Hong Kong
60%
1942Africa(Second and First) Battles of El-Alamein
59%
1945Nazi GermanyBattle of Hamburg
57%
1943Soviet UnionBattle of Kursk
57%
1940Western EuropeNorway Campaign
54%
1940Western EuropeInvasion of Denmark
51%
1941Middle EastAnglo-Soviet invasion of Iran
43%
1941AfricaSiege of Tobruk
41%
1941Middle EastAnglo-Iraqi War
40%
1942PacificBattle of the Coral Sea
40%
1942AfricaBattle of Madagascar
39%
1942-1943Mainland AsiaBurma campaign
38%
1941Soviet UnionBattle of Smolensk
37%
1940Western EuropeInvasion of the Netherlands
32%
1944PacificBattle of Guam
31%
1945Nazi GermanyBattle of Nuremberg
30%
1944PacificBattle of Leyte Gulf
25%
1939-1940Eastern EuropeWinter War
24%
1941-1942PacificBattle of Borneo
23%
1942PacificBattle of Christmas Island
17%
1942-1944PacificGilbert and Marshall Islands campaign
17%
1940AfricaItalian Invasion of British Somaliland
17%
1939AtlanticBattle of the River Plate
15%
1939Mainland AsiaBattle of Changsha
10%
1944Mainland AsiaBattle of Imphal
7%
1945Nazi GermanyBattle of Bautzen
3%
1941AfricaBattle of Keren
3%
1945Western EuropeColmar Pocket
2%
1941AfricaOperation Crusader
2%

Score Distribution

Percentile by Number Answered

Percent of People with Each Score

Your Score History

You have not taken this quiz